Documento firmado por Don Francisco de Arzeo (Record no. 4811)

MARC details
000 -CABECERA
campo de control de longitud fija 01329nam a2200301 a 4500
001 - NÚMERO DE CONTROL
campo de control BRCA_5117
005 - FECHA Y HORA DE LA ÚLTIMA TRANSACCIÓN
campo de control 20190320204939.0
008 - DATOS DE LONGITUD FIJA--INFORMACIÓN GENERAL
campo de control de longitud fija 191110s1618----mx-######v---#000-0#spa-#
041 ## - CÓDIGO DE LENGUA
Código de lengua del texto/banda sonora o título independiente spa
044 ## - CÓDIGO DEL PAÍS DE LA ENTIDAD EDITORA/PRODUCTORA
Código MARC del país mx
084 ## - OTRO NÚMERO DE CLASIFICACIÓN
Número de clasificación DOC117
Número de documento/Ítem .A79
-- 1618
100 1# - ENTRADA PRINCIPAL--NOMBRE DE PERSONA
Nombre de persona Arzeo, Francisco de
9 (RLIN) 13055
245 10 - MENCIÓN DE TÍTULO
Título Documento firmado por Don Francisco de Arzeo
Mención de responsabilidad, etc. Francisco de Arzeo.
260 ## - PUBLICACIÓN, DISTRIBUCIÓN, ETC.
Lugar de publicación, distribución, etc. México
Fecha de publicación, distribución, etc. 1618
300 ## - DESCRIPCIÓN FÍSICA
Extensión [2] fojas
Dimensiones 18 x 22 cm.
500 ## - NOTA GENERAL
Nota general Documento firmado el 17 de julio de 1618.
500 ## - NOTA GENERAL
Nota general Documento en el cual Don Francisco de Arzeo, escribano real de la Ciudad de México da testimonio de verdad que Fray Baltazar de Covarrubias es Obispo de la Provincia de Michoacán.
500 ## - NOTA GENERAL
Nota general El documento contiene la leyenda DOC. #281.
500 ## - NOTA GENERAL
Nota general Estado de conservación: contiene manchas por acidez, manchas de tinta negra y laguna en el margen superior derecho.
506 0# - NOTA DE RESTRICCIONES AL ACCESO
Limitaciones de acceso Fondo Reservado. Para su consulta es necesario credencial de usuario y carta de motivos.
546 ## - NOTA DE LENGUA/LENGUAJE
Nota de lengua/lenguaje Texto en: español de principios del siglo XVII.
600 14 - PUNTO DE ACCESO ADICIONAL DE MATERIA--NOMBRE DE PERSONA
Nombre de persona Arzeo, Francisco de
Subdivisión de forma Fuentes
Subdivisión general Historia
9 (RLIN) 13056
650 14 - PUNTO DE ACCESO ADICIONAL DE MATERIA--TÉRMINO DE MATERIA
Término de materia o nombre geográfico como elemento de entrada Documentos legales
Subdivisión de forma Manuscritos
Subdivisión general Historia
9 (RLIN) 12814
651 #4 - PUNTO DE ACCESO ADICIONAL DE MATERIA--NOMBRE GEOGRÁFICO
Nombre geográfico México
Subdivisión general Historia
Subdivisión cronológica Colonia, 1521-1821
9 (RLIN) 12461
700 1# - PUNTO DE ACCESO ADICIONAL--NOMBRE DE PERSONA
Nombre de persona Covarrubias, Baltazar de
Títulos y otros términos asociados al nombre Fray
9 (RLIN) 13057
902 ## - CATALOGADOR
Iniciales FDH
942 ## - ELEMENTOS DE PUNTO DE ACCESO ADICIONAL (KOHA)
Fuente del sistema de clasificación o colocación Library of Congress Classification
Tipo de ítem Koha Documentos
Holdings
Estado de retiro Estado de pérdida Estado dañado No para préstamo Localización permanente Ubicación/localización actual Fecha de adquisición Total de préstamos Signatura topográfica completa Código de barras Fecha visto por última vez Precio válido a partir de Tipo de ítem Koha
El ejemplar forma parte de la colección y puede ser consultado según las políticas vigentes.       Biblioteca del Museo Franz Mayer (Rogerio Casas-Alatriste) Biblioteca del Museo Franz Mayer (Rogerio Casas-Alatriste) 19/11/2010   DOC117 .A79 1618 5384 22/03/2019 22/03/2019 Documentos